| 000 | 00912nam a22002177a 4500 | ||
|---|---|---|---|
| 999 |
_c63314 _d63314 |
||
| 005 | 20240530110634.0 | ||
| 008 | 170918s2014 ua a f b 000 0 ara d | ||
| 017 |
_a2013/22076 _bمصر. دار الكتب |
||
| 020 | _a9789772122349 | ||
| 040 |
_aEG-CaGPL _cEG-CaGPL |
||
| 082 | 0 | 4 |
_221 _a658.022 / _bع إ |
| 100 | 0 | _aعبدالله حسين جوهر | |
| 245 | 1 | 0 |
_aادارة المشروعات الصغيرة : _b( محاسبياً - مالياً - ادارياً ) / _cعبدالله حسين جوهر |
| 260 |
_aالاسكندرية : _bمؤسسة شباب الجامعة ، _c2014. |
||
| 300 |
_a238 ص. : _bايض ؛ _c24 سم. |
||
| 504 | _aيشتمل على ارجاعات ببليوجرافية | ||
| 650 | 0 | 7 |
_2qrmak _aادارة الاعمال |
| 650 | 0 | 7 |
_2qrmak _aالمشروعات الصغيرة _xتنظيم و ادارة |
| 942 |
_2ddc _cBK |
||